| 000 | 00923nam a2200253 i 4500 | ||
|---|---|---|---|
| 001 | bg | ||
| 245 | 0 | 0 |
_aMetody prognozowania : _bzbiór zadań / _cpod red. Barbary Radzikowskiej ; [poszczeg. cz. napisały Joanna Krupowicz et al.]. |
| 250 | _aWyd. 4. | ||
| 260 |
_aWrocław : _bWydaw. Akademii Ekonomicznej im. Oskara Langego, _c2004. |
||
| 300 |
_a197 s. : _bil. ; _c24 cm. |
||
| 650 | 9 |
_aEkonometria _xmetody |
|
| 650 | 9 |
_aGospodarka _xprognozy _xmetody |
|
| 655 | _aĆwiczenia i zadania dla szkół wyższych | ||
| 700 | 1 |
_aRADZIKOWSKA, Barbara. _eRed. |
|
| 700 | 1 | _aKRUPOWICZ, Joanna | |
| 020 | _a8370114598 | ||
| 040 | _cBPK | ||
| 041 | 0 | _apol | |
| 080 | _a338.27:330.43+519.86](075.8)(076) | ||
| 920 | _a83-7011-459-8 | ||
| 942 | _cKS | ||
| 008 | s pl f |000 0 pol | ||
| 999 |
_c45141 _d45141 |
||
| 856 |
_uhttp://koha.tu.koszalin.pl/cgi-bin/koha/opac-detail.pl?biblionumber=45141 _yKatalog online BPK |
||